LEADER 01096nam0-22003491i-450- 001 990001788840403321 005 20100621115421.0 035 $a000178884 035 $aFED01000178884 035 $a(Aleph)000178884FED01 035 $a000178884 100 $a20030910d1958----km-y0itay50------ba 101 0 $aita 200 1 $aStudio monografico sul castagno nella provincia di Lucca$fa cura di O. Borelli, N. Breviglieri, C.A. Cecconi, C. Ciampi, R. Morandini, A. Pettina. 210 $aSpoleto$cCentro di Studio sul Castagno$d1958. 215 $a175 p.$d24 cm 300 $aSuppl. a: La Ricerca scientifica, 28(1958) 610 0 $aCastanea 676 $a634.972 4 702 1$aBorelli,$bOscar 702 1$aBreviglieri,$bNino 702 1$aCecconi,$bC.A. 702 1$aCiampi,$bC. 702 1$aMorandini,$bR. 702 1$aPettina,$bAntonio 801 0$aIT$bUNINA$gRICA$2UNIMARC 901 $aBK 912 $a990001788840403321 952 $a60 634.972 4 B 3$fFAGBC 959 $aFAGBC 996 $aStudio monografico sul castagno nella provincia di Lucca$9408479 997 $aUNINA LEADER 01766nam 2200385Ia 450 001 996388482703316 005 20200824132617.0 035 $a(CKB)4940000000087476 035 $a(EEBO)2240875371 035 $a(OCoLC)ocm53299009e 035 $a(OCoLC)53299009 035 $a(EXLCZ)994940000000087476 100 $a20031028d1661 uy 0 101 0 $aeng 135 $aurbn||||a|bb| 200 14$aThe confession of faith, and the larger and shorter catechism$b[electronic resource] $efirst agreed upon by the Assembly of Divines at Westminster. And now approved by the General Assembly of the Kirk of Scotland, to be a part of uniformity in religion between the kirks of Christ in the three kingdomes 210 $aGlasgow, $cPrinted by a society of stationers$dAnno Dom. 1661 215 $a186, [48] p 300 $a"The larger catechism" has special t.p. with continuous pagination; "The summe of saving knowledge" has special t.p. with no pagination but register is continuous. 300 $aImperfect: faded, tightly bound with some loss of text. 300 $aReproduction of original in: National Library of Scotland. 327 $aThe confession of faith -- The larger catechism -- The shorter catechism -- The summe of saving knowledge. 330 $aeebo-0097 606 $aPresbyterianism$vEarly works to 1800 615 0$aPresbyterianism 701 2$aDickson$b David$f1583?-1663.$01001956 712 02$aChurch of Scotland.$bGeneral Assembly. 712 12$aWestminster Assembly$f(1643-1652). 712 12$aWestminster Assembly$f(1643-1652). 801 0$bEAE 801 1$bEAE 906 $aBOOK 912 $a996388482703316 996 $aThe confession of faith, and the larger and shorter catechism$92351959 997 $aUNISA